000 00192 a2200109 4500
020 _a027342886406
041 _aspa
100 _aLisa Gardner
245 _aAlone
942 _cBK
952 _71
999 _c24535
_d24535